00837nam a22002057a 4500003000500000005001700005008004100022010001000063011001000073035001000083040000900093100003200102245004700134260013400181300002100315490012700336650001200463650002900475830012700504CHAP20220329141005.0971013s1994 r 00010 d a61005 a61977 a66149 cCHAP00aPedral Martínez, Enrique. aGuía para cultivar clavel en invernadero aMetepec, Méx. :bInstituto de Investigación y Capacitación Agropecuaria Acuícola y Forestal del Estado de México,c1994 aHoja desplegable aInstituto de Investigación y Capacitación Agropecuaria Acuícola y Forestal del Estado de México. Desplegablev; 1114aClavel.14aCultivos en invernadero.0 aInstituto de Investigación y Capacitación Agropecuaria Acuícola y Forestal del Estado de México. Desplegablev; 11